| 000 | 01164cam a2200325 i 4500 | ||
|---|---|---|---|
| 001 | bg | ||
| 003 | KOSZ 005 | ||
| 005 | 20190719115244.0 | ||
| 008 | 030618s2003 pl a f f |000 0 pol | ||
| 015 | _aPB 2003/11225 | ||
| 020 | _a8388906356 | ||
| 040 |
_aWA N _cKOSZ 005/HR _dKOSZ 005/HR |
||
| 080 | _a621.01 | ||
| 080 | _a621.82/.85 | ||
| 080 | _a744 | ||
| 080 | _a(075.8) | ||
| 100 | 1 |
_aKurmaz, Leonid W. _eAutor |
|
| 245 | 1 | 0 |
_aProjektowanie węzłów i części maszyn / _cLeonid W. Kurmaz, Oleg L. Kurmaz. |
| 260 |
_aKielce : _bWydaw. Politechniki Świętokrzyskiej, _c2003. |
||
| 300 |
_a384 s. : _bil. ; _c30 cm. |
||
| 504 | _aBibliogr., wykaz aktów prawnych. | ||
| 521 | 8 | _aPodręcznik dla studentów wydziałów mechanicznych wyższych uczelni. | |
| 650 | 4 |
_aMaszyny _xprojekty. |
|
| 650 | 4 |
_aMaszyny _xrysunek techniczny. |
|
| 655 | 4 | _aPodręczniki akademickie | |
| 700 | 1 |
_aKurmaz, Oleg L. _eAutor |
|
| 710 | 2 |
_aWydawnictwo Politechniki Świętokrzyskiej _b _4pbl. |
|
| 856 |
_uhttp://koha.tu.koszalin.pl/cgi-bin/koha/opac-detail.pl?biblionumber=46922 _yKatalog online BPK |
||
| 942 |
_2UKD _cKS |
||
| 999 |
_c46922 _d46922 |
||